zpět

Detail výsledku týmu

Stodola, Olomouc

Datum a čas kvízu

21 Celkem bodů Celkový počet nahraných bodů na tomto kvízu bez doplňovacích otázek.
10. Pořadí na kvízu Konečné umístění týmu na tomto kvízu.

Zaznamenané odpovědi

# Otázka Odpověď Body Výsledky
1. Ekonomka a bývalá rektorka brn... Danuše Nerudová 0
2. Do Venezuely dorazila bílá lví... z Hodonína 0
3. Nejsledovanější kauza současno... 15 milionů USD 1
4. V úterý jsme se dozvěděli, že... Orsay 1
5. Britský fotbalový fanoušek dos... Alex Fergusson 1
6. V dalším díle této tematické s... arapaima 0
7. Merlík čilský je rostlina z če... quinoa 1
8. Tento jihoamerický dravý pták... kondor 1
9. Tato velká šelma je svým výsky... jaguár 0
10. Broméliovité je čeleď rostlin... A 0